书目信息 |
| 题名: |
氧化物中空结构的化学合成及应用
|
|
| 作者: | 刘军 , 薛冬峰 著 | |
| 分册: | ||
| 出版信息: | 北京 知识产权出版社 2014.10 |
|
| 页数: | 120页 | |
| 开本: | 24cm | |
| 丛书名: | 博士文库 | |
| 单 册: | ||
| 中图分类: | O611.62 | |
| 科图分类: | ||
| 主题词: | 氧化物--yang hua wu--化学合成--研究 | |
| 电子资源: | ||
| ISBN: | 978-7-5130-2832-5 | |
| 000 | 01189nam 2200301 450 | |
| 001 | CAL 007503534 | |
| 005 | 20150806160351.85 | |
| 010 | @a978-7-5130-2832-5@dCNY32.00 | |
| 100 | @a20150130d2014 kemy0chiy50 ea | |
| 101 | 0 | @achi |
| 102 | @aCN@b110000 | |
| 105 | @aa a 000yy | |
| 106 | @ar | |
| 200 | 1 | @a氧化物中空结构的化学合成及应用@Ayang hua wu zhong kong jie gou de hua xue he cheng ji ying yong@d= Chemical synthesis and applications of hollow structured oxide materials@f刘军, 薛冬峰著@zeng |
| 210 | @a北京@c知识产权出版社@d2014.10 | |
| 215 | @a120页@c图@d24cm | |
| 225 | 2 | @a博士文库@Abo shi wen ku |
| 320 | @a有书目 (第102-118页) | |
| 330 | @a本书以金属氧化物和硫化物中空结构为研究对象, 在其合成新方法的设计、形成机制以及电化学性能 (如能量存储和电化学传感) 等方面进行了系统的探索研究。 | |
| 410 | 0 | @12001 @a博士文库 |
| 510 | 1 | @aChemical synthesis and applications of hollow structured oxide materials@zeng |
| 586 | @a | |
| 606 | 0 | @a氧化物@Ayang hua wu@x化学合成@x研究 |
| 690 | @aO611.62@v5 | |
| 701 | 0 | @a刘军@Aliu jun@c(物理化学)@4著 |
| 701 | 0 | @a薛冬峰@Axue dong feng@4著 |
| 801 | 0 | @aCN@c20150820 |
| 905 | @a河南城建学院图书馆@dO611.62@eL635@f3 | |
| 氧化物中空结构的化学合成及应用= Chemical synthesis and applications of hollow structured oxide materials/刘军, 薛冬峰著.-北京:知识产权出版社,2014.10 |
| 120页:图;24cm.-(博士文库) |
| ISBN 978-7-5130-2832-5:CNY32.00 |
| 本书以金属氧化物和硫化物中空结构为研究对象, 在其合成新方法的设计、形成机制以及电化学性能 (如能量存储和电化学传感) 等方面进行了系统的探索研究。 |
| ● |
| 相关链接 |
|
|
|
正题名:氧化物中空结构的化学合成及应用
索取号:O611.62/L635
 
预约/预借
| 序号 | 登录号 | 条形码 | 馆藏地/架位号 | 状态 | 备注 |
| 1 | 1162391 | 211623910 | 自科库401/401自科库 62排1列4层/ [索取号:O611.62/L635] | 在馆 | |
| 2 | 1162392 | 211623929 | 自科库401/401自科库 62排1列4层/ [索取号:O611.62/L635] | 在馆 | |
| 3 | 1162393 | 211623938 | 自科库401/401自科库 62排1列4层/ [索取号:O611.62/L635] | 在馆 |